000 00450nam a22001697a 4500
005 20230103165549.0
008 230103b |||||||| |||| 00| 0 eng d
020 _a9789355012012
041 _aeng
082 _a510
_bDASS
245 _aMathematics II
250 _a1st
260 _aNew Delhi
_bS Chand and Company Ltd
_c2022
300 _a1-470
520 _aIntegral Calculus Multivariable calculus Vector Calculus Stastistics
942 _cBK
999 _c83742
_d83742